Des sondes à demeure et du conducteur en baleine / (Record no. 151018)
[ view plain ]
| 000 -LEADER | |
|---|---|
| campo de control de longitud fija | 00675nam a2200181 i 4500 |
| 001 - NÚMERO DE CONTROL | |
| campo de control | 151018 |
| 003 - IDENTIFICADOR DE NÚMERO DE CONTROL | |
| campo de control | ES-MaACL |
| 005 - FECHA Y HORA DE LA ÚLTIMA TRANSACCIÓN | |
| campo de control | 20250917063053.0 |
| 007 - CAMPO FIJO DE DESCRIPCIÓN FÍSICA--INFORMACIÓN GENERAL | |
| campo de control de longitud fija | t| |
| 008 - DATOS DE LONGITUD FIJA--INFORMACIÓN GENERAL | |
| campo de control de longitud fija | 071127s1875 fr ||||1| fre d |
| 100 1# - ENTRADA PRINCIPAL--NOMBRE DE PERSONA | |
| Nombre de persona | Amussat, Auguste Alphonse, |
| Fechas asociadas al nombre | 1820-1878 |
| 9 (RLIN) | 21356 |
| 245 14 - MENCIÓN DEL TÍTULO | |
| Título | Des sondes à demeure et du conducteur en baleine / |
| Mención de responsabilidad, etc. | A. Amussat. |
| 260 ## - PUBLICACIÓN, DISTRIBUCIÓN, ETC. | |
| Lugar de publicación, distribución, etc. | Evreux : |
| Nombre del editor, distribuidor, etc. | Impr. CH. Hérissey, |
| Fecha de publicación, distribución, etc. | 1875. |
| 300 ## - DESCRIPCIÓN FÍSICA | |
| Extensión | 15 p. : |
| Otras características físicas | il. ; |
| Dimensiones | 24 cm. |
| 500 ## - NOTA GENERAL | |
| Nota general | Extrait de : "Gazette des Hôpitaux", 1875, et la "Revue de Thérapeutique médico-chirurgicale", 1876, t. I, p.172. |
| 852 ## - LOCALIZACIÓN | |
| Ubicación | ES-MaACL |
| Número de control de estantería | T-619-F-5 |
| condición física | . - Ejemplar falto de portada |
| Estatus retirado | Estado de pérdida | Estado de daño | No para préstamo | Colección | Biblioteca de origen | Biblioteca actual | Ubicación en estantería | Fecha de adquisición | Fuente de adquisición | Total de préstamos | Signatura topográfica completa | Código de barras | Visto por última vez | Precio de reemplazo | Tipo de ítem Koha |
|---|---|---|---|---|---|---|---|---|---|---|---|---|---|---|---|
| Colección de folletos | Biblioteca del Ateneo de Madrid | Biblioteca del Ateneo de Madrid | Depósito folletos | 17/01/2008 | T-619-F-5 | 1157584 | 23/02/2023 | 23/02/2023 | Folleto |
